Report of the land use study group : forestry, Agriculture and the multiple use of rural land (Record no. 499085)

000 -LEADER
fixed length control field 00455cam a22001097a 4500
008 - FIXED-LENGTH DATA ELEMENTS--GENERAL INFORMATION
fixed length control field 180718b1966 xxu||||| |||| 00| 0 eng d
082 ## - DEWEY DECIMAL CLASSIFICATION NUMBER
Classification number Y11x42 Un3
245 ## - TITLE STATEMENT
Title Report of the land use study group : forestry, Agriculture and the multiple use of rural land
Statement of responsibility, etc. by Department of Education and Science, United Kingdom
260 ## - PUBLICATION, DISTRIBUTION, ETC.
Place of publication, distribution, etc. London
Name of publisher, distributor, etc. Her Majesty's Stationery Office
Date of publication, distribution, etc. 1966
300 ## - PHYSICAL DESCRIPTION
Extent 110+p.
700 ## - ADDED ENTRY--PERSONAL NAME
Personal name United Kingdom. Department of Education and Science
Holdings
Withdrawn status Lost status Damaged status Not for loan Permanent Location Current Location Date acquired Full call number Barcode Date last seen Price effective from Koha item type
        Indian Institute of Public Administration Indian Institute of Public Administration 2018-08-04 Y11x42 Un3 G7180 2018-08-04 2018-08-04 G

Powered by Koha